Los movimientos ecologistas en Guadalajara en los últimos 30 años : la lucha de una propuesta cultura ecológica /

Gorde:
Xehetasun bibliografikoak
Egile nagusia: Flores Elizondo, Rodrigo (autor)
Formatua: Tesis Liburua
Hizkuntza:gaztelania
Gaiak:
Etiketak: Etiketa erantsi
Etiketarik gabe, Izan zaitez lehena erregistro honi etiketa jartzen!

MARC

LEADER 00000nam^a2200000^a^4500
001 000148329
005 20250521000000.0
009 20260310100020.029
037 |a Acervo ITESO - Biblioteca 
041 |a ESP 
090 |a MFS. 9 
100 |a Flores Elizondo, Rodrigo  |e (autor) 
245 1 4 |a Los movimientos ecologistas en Guadalajara en los últimos 30 años :  |b la lucha de una propuesta cultura ecológica /  |c R. Flores Elizondo. 
264 |a Guadalajara, México :  |b edición de autor,  |c 2003 
300 |a 1 disco compacto de computadora 
336 |a datos para computadora  |b cod  |2 rdacontenido 
337 |a computadora  |b c  |2 rdamedio 
338 |a disco de computadora  |b cd  |2 rdasoporte 
502 |a ITESO Tesis de Maestría en Filosofía Social 
649 |a XX 
650 |a Reforestación 
650 |a Cultivos Orgánicos 
650 |a Emergencia Ambiental 
650 |a Cultura -  |x Teoría 
650 |a Movimientos Ecologistas -  |z Guadalajara, Jalisco -  |x Historia -  |y 1946-2000 
650 |a Movimientos Ecologistas -  |z Jalisco -  |x Historia -  |y 1946-2000 
650 |a Movimientos Ecologistas -  |z México -  |x Historia -  |y 1946-2000 
650 |a Movimientos Sociales -  |z Guadalajara, Jalisco -  |x Historia -  |y 1946-2000 
650 |a Movimientos Sociales -  |z Jalisco -  |x Historia -  |y 1946-2000 
650 |a Movimientos Sociales -  |z México -  |x Historia -  |y 1946-2000 
650 |a Desarrollo Sustentable -  |z México 
650 |a Conservación y Protección Ambiental -  |z México 
650 |a Sociología de la Cultura 
650 |a Ecología 
910 |a Fondo General 
920 |a Electrónicos - Tesis del ITESO en Disco 
905 |a 202 
901 |a 0500078147  |b IT2  |c STS  |u 20250521 
902 |a https://opac.biblio.iteso.mx/vufind/Record/000148329